| 000 | 00539nam a22001937a 4500 | ||
|---|---|---|---|
| 003 | OSt | ||
| 005 | 20180116183107.0 | ||
| 008 | 171031b xxu||||| |||| 00| 0 eng d | ||
| 020 | _a9780198747581 | ||
| 040 | _c0 | ||
| 082 | _a650.072 BRY 10350 | ||
| 100 | _aAlan Bryman and Emma Bell | ||
| 245 |
_aBusiness Research Methods _cAlan Bryman and Emma Bell |
||
| 250 | _aInternational Fourth Edition | ||
| 260 |
_aUK _bOxford _c2015 |
||
| 300 |
_a584p. _bpb |
||
| 440 | _aBusiness Research Methods | ||
| 942 |
_2ddc _cBK _k650.072 BRY 10350 |
||
| 999 |
_c352110 _d352110 |
||